[Event "Lima Magdalena CC op 7th"]
[Site "Lima"]
[Date "2012.02.05"]
[Round "4"]
[White "Orbegozo, Axel"]
[Black "Murga, Caleb"]
[Result "1-0"]
[WhiteElo "1781"]
[BlackElo "1708"]
[PlyCount "45"]
[EventDate "2012.02.03"]
[EventType "swiss"]
[EventRounds "7"]
[EventCountry "PER"]
[SourceTitle "EXT 2013"]
[Source "ChessBase"]
[SourceDate "2012.11.22"]
[SourceVersion "1"]
[SourceVersionDate "2012.11.22"]
[SourceQuality "1"]

1. d4 d5 2. Nf3 Nf6 3. Bf4 e6 4. e3 c5 5. c3 Qb6 6. Qc2 Nc6 7. Nbd2 cxd4 8. exd4 Bd7 9. Rb1 a5 10. Bd3 a4 11. 0-0 Rc8 12. Qd1 Na5 13. Qe2 Bd6 14. Ne5 0-0 15. g4 Be8 16. Rfe1 Nd7 17. g5 f6 18. Nxd7 Bxd7 19. Qh5 f5 20. Bxd6 Qxd6 21. Re3 Be8 22. Qh4 Bg6 23. f4 1-0

[Event "Lima Magdalena CC op 7th"]
[Site "Lima"]
[Date "2012.02.04"]
[Round "2"]
[White "Ninahuaman, Efren"]
[Black "Orbegozo, Axel"]
[Result "0-1"]
[WhiteElo "2092"]
[BlackElo "1781"]
[PlyCount "98"]
[EventDate "2012.02.03"]
[EventType "swiss"]
[EventRounds "7"]
[EventCountry "PER"]
[SourceTitle "EXT 2013"]
[Source "ChessBase"]
[SourceDate "2012.11.22"]
[SourceVersion "1"]
[SourceVersionDate "2012.11.22"]
[SourceQuality "1"]

1. e4 Nf6 2. e5 Nd5 3. d4 d6 4. c4 Nb6 5. exd6 exd6 6. Bd3 Be7 7. Nf3 0-0 8. h3 Bf6 9. 0-0 Nc6 10. Be3 Nb4 11. Nc3 Nxd3 12. Qxd3 Be6 13. b3 d5 14. c5 Nc8 15. Bf4 a6 16. Nd1 Ne7 17. Ne3 Nc6 18. a3 Qd7 19. b4 Rfe8 20. Rfc1 Rad8 21. Rc3 g6 22. g4 Bg7 23. Bg3 Rf8 24. Bf4 f5 25. g5 Rde8 26. Nc2 Bf7 27. a4 Re4 28. Qd2 Rfe8 29. Re3 R8e7 30. Ree1 Nd8 31. Ne5 Qe8 32. f3 Rxe1+ 33. Nxe1 Ne6 34. Be3 Nxd4 35. Bxd4 Bxe5 36. Bxe5 Rxe5 37. Kf2 d4 38. Qxd4 Re2+ 39. Kf1 Rh2 40. Kg1 Qe2 41. Rc1 Rxh3 42. Qd8+ Qe8 43. Rd1 Qxd8 44. Rxd8+ Kg7 45. Kg2 Rh4 46. Nd3 Be6 47. f4 c6 48. Kg3 Rg4+ 49. Kf2 Rh4 0-1